Catálogo
 En Linea

¡Juan Miguel! : (Registro nro. 34626)

Detalles MARC
000 -CABECERA
campo de control de longitud fija 00743nam a2200193 a 4500
001 - NÚMERO DE CONTROL
campo de control 000035135
005 - FECHA Y HORA DE LA ÚLTIMA TRANSACCIÓN
campo de control 20200930074128.0
008 - DATOS DE LONGITUD FIJA--INFORMACIÓN GENERAL
campo de control de longitud fija 111025s1909 sp 000 0 spa d
040 ## - FUENTE DE LA CATALOGACIÓN
Centro catalogador/agencia de origen DO-SdBNP
Lengua de catalogación spa
Centro/agencia transcriptor BNPHU
082 ## - NÚMERO DE LA CLASIFICACIÓN DECIMAL DEWEY
Número de clasificación xxxx
100 1# - ENTRADA PRINCIPAL--NOMBRE DE PERSONA
Nombre de persona Vega, Ventura de la,
Fechas asociadas al nombre (1807-1865)
9 (RLIN) 60838
240 10 - TÍTULO UNIFORME
Título uniforme ¡Juan Miguel!.
Subencabezamiento de forma Libreto
245 10 - MENCIÓN DE TÍTULO
Título ¡Juan Miguel! :
Resto del título zarzuela dramática en un acto y tres cuadros, en prosa y verso /
Mención de responsabilidad, etc. original de Ventura de la Vega ; música de José Padilla.
260 ## - PUBLICACIÓN, DISTRIBUCIÓN, ETC.
Lugar de publicación, distribución, etc. Madrid :
Nombre del editor, distribuidor, etc. Sociedad de Autores Españoles,
Fecha de publicación, distribución, etc. 1909.
300 ## - DESCRIPCIÓN FÍSICA
Extensión 42 p. ;
Dimensiones 21 cm.
500 ## - NOTA GENERAL
Nota general Estrenada en el Teatro Barbieri el 1 de octubre de 1909
700 1# - PUNTO DE ACCESO ADICIONAL--NOMBRE DE PERSONA
Nombre de persona Padilla, José
Término indicativo de función/relación mús.
9 (RLIN) 60836
710 2# - PUNTO DE ACCESO ADICIONAL--NOMBRE DE ENTIDAD CORPORATIVA
Nombre de entidad corporativa o nombre de jurisdicción como elemento de entrada Sociedad de Autores Españoles
9 (RLIN) 60837
Existencias
Estado de retiro Estado de pérdida Restricciones de uso No para préstamo Código de colección Localización permanente Ubicación/localización actual Ubicación en estantería Fecha de adquisición Número de inventario Total de préstamos Signatura topográfica completa Código de barras Fecha visto por última vez Precio válido a partir de Tipo de ítem Koha
      Excluido de préstamo Monografías: Libros y Folletos General General Depósito 25.10.2011 LF1   xxxx 35135-10 25.06.2020 25.06.2020 No se presta

Con tecnología Koha